00503 2200193 4500001002100000005001500021008004100036020001800077035001900095041000700114082001000121090001600131100001300147245004300160260003100203300003500234500001100269650002900280INLIS00000000001593720241224115029241224||||||||| | ||| |||| || |  a979-526-540-7 0010-1224015937 aid0 a629.2 a629.2 DAR s0 adaryanto00aSimbol dan Rangkaian Kelistrikan Mobil aJakartabBumi Aksarac2004 a25x17,5 cm, x, 64 hlm.; ilus.: aCet. 2 0aIlmu Teknik (Enjiniring)